Highest Rated IMDB Episodes By Series #5 - Statistics

General Stats
  • This quiz has been taken 37 times
  • The average score is 3 of 10
Answer Stats
Episode Title IMDB Rating TV Show % Correct
Veep 9.3 Veep
74%
Plan and Execution 9.9 Better Call Saul
43%
Road to the Multiverse 9.1 Family Guy
43%
The Red Dragon and the Gold 9.5 House of the Dragon
31%
Kkanbu 9.2 Squid Game
20%
All His Angels 9.5 Vikings
14%
Goodbyeee 9.4 Blackadder Goes Forth
11%
One for the Road 9.1 Cheers
9%
A Substantial Gift (The Broken Promise) 8.3 Police Squad!
6%
Mayday 9.3 The Handmaid's Tale
6%
No matching quizzes found
Score Distribution
Percent of People with Each Score
Percentile by Number Answered
Your Score History
You have not taken this quiz